000 00844nam a2200253 a 4500
001 37442
003 BD-RjUL
005 20211209052618.0
008 150117s2001 ii a b 001 0 eng
020 _a1578081785
035 _a(BD-RjUL)37546
040 _aDLC
_cDLC
_dDLC
_dBD-RjUL
_beng
041 _aeng
082 0 0 _a633.6193
_222
_bSUG 2001
245 0 0 _aSugarcane pathology /
_ceditors, G.P. Rao ... [et al.].
_nVol. 2, Virus and phytoplasma diseases.
260 _aEnfield, NH ;
_aNew Delhi :
_bScience Publishers;
_bOxford & IBH Publishing co.,
_c2001.
300 _axi, 377 p.:
_bill. (some col.) ;
_c25 cm.
504 _aIncludes bibliographical references and index.
650 0 _aSugarcane
_xDiseases and pests.
_9114961
700 _aG.P. Rao
_9114962
942 _2ddc
_cBK
999 _c37442
_d37442